<?xml version="1.0" encoding="UTF-8"?>
<record
    xmlns:xsi="http://www.w3.org/2001/XMLSchema-instance"
    xsi:schemaLocation="http://www.loc.gov/MARC21/slim http://www.loc.gov/standards/marcxml/schema/MARC21slim.xsd"
    xmlns="http://www.loc.gov/MARC21/slim">

  <leader>01082nam0a2200301   4500</leader>
  <controlfield tag="001">RU\NLR\bibl\449462</controlfield>
  <controlfield tag="005">20250623181300.0</controlfield>
  <datafield tag="035" ind1=" " ind2=" ">
    <subfield code="a">(NLR Aleph) 000443110</subfield>
  </datafield>
  <datafield tag="090" ind1=" " ind2=" ">
    <subfield code="a">826595</subfield>
    <subfield code="c">826595</subfield>
  </datafield>
  <datafield tag="100" ind1=" " ind2=" ">
    <subfield code="a">20031020d2002    |||y0rusy50      ca</subfield>
  </datafield>
  <datafield tag="101" ind1="0" ind2=" ">
    <subfield code="a">rus</subfield>
    <subfield code="e">rus</subfield>
    <subfield code="e">eng</subfield>
  </datafield>
  <datafield tag="102" ind1=" " ind2=" ">
    <subfield code="a">RU</subfield>
  </datafield>
  <datafield tag="105" ind1=" " ind2=" ">
    <subfield code="a">a   |||||||||</subfield>
  </datafield>
  <datafield tag="200" ind1="1" ind2=" ">
    <subfield code="a">&#x411;&#x435;&#x448;&#x435;&#x43D;&#x441;&#x442;&#x432;&#x43E;</subfield>
    <subfield code="e">[&#x421;&#x431;.</subfield>
    <subfield code="f">&#x421;&#x43E;&#x441;&#x442;. &#x412;.&#x412;. &#x41C;&#x430;&#x43A;&#x430;&#x440;&#x43E;&#x432;]</subfield>
  </datafield>
  <datafield tag="210" ind1=" " ind2=" ">
    <subfield code="a">&#x41C;.</subfield>
    <subfield code="c">&#x412;&#x435;&#x442;&#x435;&#x440;&#x438;&#x43D;&#x430;&#x440;. &#x43A;&#x43E;&#x43D;&#x441;&#x443;&#x43B;&#x44C;&#x442;&#x430;&#x43D;&#x442;</subfield>
    <subfield code="d">2002</subfield>
  </datafield>
  <datafield tag="215" ind1=" " ind2=" ">
    <subfield code="a">144 &#x441;.</subfield>
    <subfield code="c">&#x438;&#x43B;.</subfield>
    <subfield code="d">26</subfield>
  </datafield>
  <datafield tag="225" ind1="1" ind2=" ">
    <subfield code="a">&#x412;&#x435;&#x442;&#x435;&#x440;&#x438;&#x43D;&#x430;&#x440;&#x43D;&#x430;&#x44F; &#x43F;&#x430;&#x442;&#x43E;&#x43B;&#x43E;&#x433;&#x438;&#x44F;</subfield>
    <subfield code="e">&#x41D;&#x430;&#x443;&#x447;.-&#x43F;&#x440;&#x430;&#x43A;&#x442;. &#x436;&#x443;&#x440;&#x43D;. &#x43F;&#x43E; &#x444;&#x443;&#x43D;&#x434;&#x430;&#x43C;. &#x438; &#x43F;&#x440;&#x438;&#x43A;&#x43B;. &#x432;&#x43E;&#x43F;&#x440;. &#x432;&#x435;&#x442;&#x435;&#x440;&#x438;&#x43D;&#x430;&#x440;&#x438;&#x438;</subfield>
    <subfield code="x">1682-5616</subfield>
    <subfield code="v">N 1</subfield>
  </datafield>
  <datafield tag="320" ind1=" " ind2=" ">
    <subfield code="a">&#x411;&#x438;&#x431;&#x43B;&#x438;&#x43E;&#x433;&#x440;. &#x432; &#x43A;&#x43E;&#x43D;&#x446;&#x435; &#x441;&#x442;.</subfield>
  </datafield>
  <datafield tag="606" ind1="0" ind2=" ">
    <subfield code="a">&#x411;&#x435;&#x448;&#x435;&#x43D;&#x441;&#x442;&#x432;&#x43E; &#x436;&#x438;&#x432;&#x43E;&#x442;&#x43D;&#x44B;&#x445;</subfield>
    <subfield code="j">&#x421;&#x431;&#x43E;&#x440;&#x43D;&#x438;&#x43A;&#x438;</subfield>
    <subfield code="9">1148009</subfield>
    <subfield code="3">RU\NLR\auth\66139522</subfield>
  </datafield>
  <datafield tag="686" ind1=" " ind2=" ">
    <subfield code="a">&#x41F;873.212&#x44F;43</subfield>
  </datafield>
  <datafield tag="702" ind1=" " ind2="1">
    <subfield code="a">&#x41C;&#x430;&#x43A;&#x430;&#x440;&#x43E;&#x432;</subfield>
    <subfield code="b">&#x412;. &#x412;.</subfield>
    <subfield code="4">220</subfield>
  </datafield>
  <datafield tag="801" ind1=" " ind2="0">
    <subfield code="a">RU</subfield>
    <subfield code="b">NLR</subfield>
    <subfield code="c">20031020</subfield>
    <subfield code="g">PSBO</subfield>
  </datafield>
  <datafield tag="801" ind1=" " ind2="1">
    <subfield code="a">RU</subfield>
    <subfield code="b">NLR</subfield>
    <subfield code="c">20031020</subfield>
  </datafield>
  <datafield tag="852" ind1=" " ind2=" ">
    <subfield code="a">NLR</subfield>
    <subfield code="j">&#x41F;14/931</subfield>
  </datafield>
  <datafield tag="942" ind1=" " ind2=" ">
    <subfield code="c">BOOK</subfield>
  </datafield>
  <datafield tag="980" ind1=" " ind2=" ">
    <subfield code="a">NB</subfield>
  </datafield>
  <datafield tag="995" ind1=" " ind2=" ">
    <subfield code="5">2013-10-26</subfield>
    <subfield code="b">NLR01</subfield>
    <subfield code="c">NLR01</subfield>
    <subfield code="e">RJF</subfield>
    <subfield code="f">443110-10</subfield>
    <subfield code="k">&#x41F;14/931</subfield>
    <subfield code="o">0</subfield>
    <subfield code="r">BOOK</subfield>
    <subfield code="s">14931_</subfield>
  </datafield>
</record>
